Statystyki dla Państwa Ameryki

Kliknij tutaj aby rozwiązać quiz!

Ogólne statystyki

  • Ten quiz został rozwiązany 10 657 razy
  • Średni wynik to 22 z 35

Statystyki odpowiedzi

Państwa% Poprawnych
Stany Zjednoczone
98%
Kanada
97%
Brazylia
95%
Argentyna
93%
Meksyk
93%
Chile
90%
Kolumbia
82%
Peru
81%
Urugwaj
81%
Kuba
80%
Wenezuela
78%
Boliwia
76%
Paragwaj
76%
Panama
73%
Dominika
72%
Ekwador
68%
Dominikana
67%
Honduras
64%
Haiti
63%
Jamajka
63%
Gujana
61%
Kostaryka
61%
Surinam
52%
Gwatemala
50%
Salwador
50%
Bahamy
49%
Belize
49%
Nikaragua
48%
Barbados
41%
Antigua i Barbuda
38%
Trynidad i Tobago
38%
Saint Lucia
31%
Grenada
30%
Saint Kitts i Nevis
23%
Saint Vincent i Grenadyny
21%

Rozkład punktacji

Percentyl według liczby udzielonych odpowiedzi

Procent ludzi z każdym wynikiem

Twoja historia wyników

Nie rozwiązałeś tego quizu